Responses for Show #3996 - Monday, January 7, 2002

Mark Lee game 5.

Contestants

[<< previous game]

David Bell, an advertising executive from Atlanta, Georgia

Dawn Jameson, a human resources consultant from Clarkdale, Georgia

Mark Lee, a sales manager originally from Peoria, Illinois (whose 4-day cash winnings total $67,500)

[next game >>]

Jeopardy! Round responses

AT THE BALLET
ACTIVISM
RUGGED TERRAIN
WAY TO GO
AWARDS & HONORS
SLANG
    $200 26
a pas de deux

David
    $200 18
a living wage

David
    $200 7
Ireland

Mark
    $200 13
galleon

David
    $200 6
the Pulitzer Prize

David
    $200 1
no milk

David
    $400 27
Dante

David
    $400 19
judicial activism

David
    $400 8
ravine

Triple Stumper
    $400 14
a kayak

David
    $400 9
the Beatles

Dawn
    $400 2
(David: What is mimbo?)
[Originally ruled incorrect; reversed after clue 8.]

himbo

David
    $600 28
[The end-of-round signal sounds.]

Bizet

David
    $600 20
fast

Dawn
    $600 25
China

David
    $1,400 15
a snowmobile

David
    $600 10
Scott Adams

Triple Stumper
    $600 3
the knuckleball

Triple Stumper
    $800 21
a redwood

David
    $800 24
Chile

Dawn
    $800 16
a bullet (bullet trains)

Dawn
    $800 11
(Alex: Yes, as Gandhi.)

Ben Kingsley

Mark
    $800 4
crater

Triple Stumper
    $1000 22
(Alex: Less than a minute, now.)

Republicans

David
    $1000 23
(Mark: What is Switzerland?)

Austria

MarkDavid
    $1000 17
a prairie schooner

David
    $1000 12
(Alex: That's it. Concerts.)

Live Aid

Mark
    $1000 5
Monet

Mark

Scores at the first commercial break (after clue 14):

Mark Dawn David
$3,000 $400 $1,400

Scores at the end of the Jeopardy! Round:

Mark Dawn David
$2,000 $2,600 $9,000

Double Jeopardy! Round responses

WORLD LIT
GOVERNMENT & POLITICS
COMIC BOOK TO SCREEN
"SUPER" WORDS
PAINT BY NUMBERS
MARY, TYLER OR MOORE
    $400 1
Sanskrit

David
    $400 20
de Gaulle

Dawn
    $400 11
The Crow

David
    $400 8
a supermodel

Dawn
    $400 16
Art Nouveau

David
    $400 6
(Mark: Who was... Sean Connery?)

Roger Moore

MarkDawn
    $800 2
South Africa

Dawn
    $800 21
Theodore Roosevelt

Dawn
    $800 12
the Teenage Mutant Ninja Turtles

David
    $800 9
supercalifragilisticexpialidocious

Dawn
    $800 19
(Mark: Who is Ferdinand?

Napoleon

David
Triple Stumper
    $800 7
Steven Tyler

David
    $1200 3
Faulkner

Mark
    $1200 22
Tommy Thompson

Mark
    $1200 13
the Wolverine

David
    $1200 10
Supernatural

Triple Stumper
    $1200 25
Mary Hartman, Mary Hartman

Mark
    $3,000 4
(Alex: He's better known as the author of War and Peace.)

Leo Tolstoy

Mark
    $6,000 23
(Alex: About a minute to go now, Mark.)
(Mark: Um... let's go with $6,000.)
(Alex: $6,000--that'll put you into a tie. Here is the clue in GOVERNMENT & POLITICS.)

Speaker of the House

Mark
    $1600 14
Wesley Snipes

Triple Stumper
    $1600 17
(David: What is a comet?)
...
(Alex: Yes. "Super" has to come up in the response.)

a supernova

MarkDavid
    $1600 26
Tyler, Texas

David
    $2000 5
Reinaldo Arenas

Triple Stumper
    $2000 24
(David: [No response])

(Corazon) Aquino

DawnDavid
    $2000 15
Judge Dredd

David
    $2000 18
superficial

David
    $2000 27
[The end-of-round signal sounds.]

Wat Tyler

Triple Stumper

Scores at the end of the Double Jeopardy! Round:

Mark Dawn David
$15,800 $8,200 $14,200

[wagering suggestions for these scores]

Final Jeopardy! Round responses

ORGANIZATIONS
(Alex: we come to Mark Lee. $15,800, and he wrote down, "What is WTO", World Trade Organization. No. The initials are [*], World Wildlife Fund, represented by the panda, and the wrestler, The Rock,
who is standing out there representing the World Wrestling Federation.)
DawnWhat is ASPCA?
$7,700
DavidWhat is R.O.C.?
$2,201
MarkWhat is WTO
$12,601
WWF

Final scores:

Mark Dawn David
$3,199 $500 $11,999
2nd place 3rd place New champion: $11,999

Game dynamics:

Coryat scores:

Mark Dawn David
$10,000 $8,200 $13,400
10 R
(including 2 DDs),
2 W
11 R,
0 W
25 R
(including 1 DD),
3 W

Combined Coryat: $31,600

[game clues] [game scores] [suggest correction]

Game tape date: 2001-10-29
The J! Archive is created by fans, for fans. Scraping, republication, monetization, and malicious use prohibited; this site may use cookies and collect identifying information. See terms. The Jeopardy! game show and all elements thereof, including but not limited to copyright and trademark thereto, are the property of Jeopardy Productions, Inc. and are protected under law. This website is not affiliated with, sponsored by, or operated by Jeopardy Productions, Inc. Join the discussion at JBoard.tv.